Представление документа в формате RUSMARC

ПолеНазваниеЗначение
  Тип записи l
  Библиографический уровень m
001 Контрольный номер DONNUET/MAIN/e324b4ab24e44f6a8551ea56a1addd43
005 Дата корректировки 20260529101005.6
010 Индекс ISBN __
a ISBN 978-5-9795-2036-0
101 Язык документа 0_
a Язык текста rus
102 Страна публикации __
a Страна публикации RU
181 Поле кодированных данных: вид содержания _0
a Код вида содержания (ISBD) i
182 Поле кодированных данных: тип средства _0
a Код типа средства (ISBD) b
200 Заглавие и сведения об ответственности 1_
a Заглавие Управление знаниями
e Сведения, относящиеся к заглавию учебное пособие
g Последующие сведения об ответственности составитель В.Н. Лазарев
g Последующие сведения об ответственности Министерство науки и высшего образования Российской Федерации, Ульяновский государственный технический университет
203 Вид содержания и тип средства __
a Вид содержания Текст
c Тип средства электронный
210 Выходные данные 1_
a Место издания Ульяновск
c Издательство УлГТУ
d Дата издания 2020
215 Физическое описание __
a Объем 173 с.
337 Примечание о системных требованиях (электронные ресурсы) __
a Примечание о системных требованиях (электронные ресурсы) Интернет-ресурсы свободного доступа
337 Примечание о системных требованиях (электронные ресурсы) __
a Примечание о системных требованиях (электронные ресурсы) URL: http://elibrary.donnuet.ru:54041/megapro/Download/ToView/40724
337 Примечание о системных требованиях (электронные ресурсы) __
a Примечание о системных требованиях (электронные ресурсы) Режим доступа: Электронная библиотека ДОННУЭТ
610 Ключевые слова 0_
a Ключевые слова управление знаниями
702 Вторичная интеллектуальная ответственность _1
a Фамилия Лазарев
b Имя В.Н.
4 Код отношения 220
711 Наименование организации. (Альтернативная ответственность) 02
a Организация/ юрисдикция Министерство науки и высшего образования Российской Федерации (РФ)
711 Наименование организации. (Альтернативная ответственность) 02
a Организация/ юрисдикция Ульяновский государственный технический университет
801 Источник записи _1
a Страна RU
b Организация DONNUET
g Правила каталогизации PSBO
852 Данные о местонахождении __
a Наименование организации Научная библиотека ДОННУЭТ
900 Электронные ресурсы __
a Имя электронного ресурса Лазарев В.Н. Управление знаниями учебное пособие 2020
901 Тип документа __
t Тип документа m
905 Дата создания БЗ __
a Дата создания БЗ 20260529
b Логин сотрудника, создавшего запись Prohorenko
952 Тип литературы __
a Тип литературы для КСУ ВШ УПСБЭ
a Тип литературы для КСУ ВШ РЯ
c Вид литературы учебное пособие